Catálogo

BLOQUES DE COMERCIO Y MERCADOS COMUNES (Registro nro. 10926)

Detalles MARC
000 -LEADER
fixed length control field 00613nam a2200205 a 4500
001 - CONTROL NUMBER
control field 10926
005 - DATE AND TIME OF LATEST TRANSACTION
control field 20180713195038.0
008 - FIXED-LENGTH DATA ELEMENTS--GENERAL INFORMATION
fixed length control field 140415s1973 mx 000 0 spa d
041 ## - LANGUAGE CODE
Language code of text/sound track or separate title spa
082 ## - DEWEY DECIMAL CLASSIFICATION NUMBER
Classification number 382.1
Item number DEL
100 1# - MAIN ENTRY--PERSONAL NAME
Personal name DELL, SIDNEY
245 10 - TITLE STATEMENT
Title BLOQUES DE COMERCIO Y MERCADOS COMUNES
250 ## - EDITION STATEMENT
Edition statement 1a ed.
260 ## - PUBLICATION, DISTRIBUTION, ETC.
Place of publication, distribution, etc. MEXICO :
Name of publisher, distributor, etc. FONDO DE CULTURA ECONOMICA,
Date of publication, distribution, etc. 1973
300 ## - PHYSICAL DESCRIPTION
Extent 319
490 ## - SERIES STATEMENT
Series statement SECCION DE OBRAS ECONOMIA
500 ## - GENERAL NOTE
General note (SECCION DE OBRAS DE ECONOMIA)
650 14 - SUBJECT ADDED ENTRY--TOPICAL TERM
Topical term or geographic name entry element COMERCIO EXTERIOR
General subdivision ECONOMIA INTERNACIONAL
-- POLITICA ECONOMICA
700 1# - ADDED ENTRY--PERSONAL NAME
Personal name REYES, ROBERTO
Relator term tr.
Existencias
Withdrawn status Lost status Source of classification or shelving scheme Damaged status Not for loan Collection code Home library Current library Shelving location Date acquired Source of acquisition Inventory number Total Checkouts Full call number Barcode Date last seen Price effective from Koha item type
    Dewey Decimal Classification     General Biblioteca Karol Wojtyla Biblioteca Karol Wojtyla Sala general 03/12/2013 Compra 151000000000000000044758   382.1 DEL 2632 05/01/2026 03/12/2013 Libro
    Dewey Decimal Classification     General Biblioteca Karol Wojtyla Biblioteca Karol Wojtyla Sala general 03/12/2013 Compra 151000000000000000044759   382.1 DEL 26207 05/01/2026 03/12/2013 Libro